|
|
|
|
| LEADER |
01154cas a2200253 a 4500 |
| 001 |
AALejournalIMF023049 |
| 008 |
230101c9999 xx r poo 0 0eng d |
| 020 |
|
|
|c 20.00 USD
|
| 020 |
|
|
|z 9798400217739
|
| 022 |
|
|
|a 2790-4458
|
| 040 |
|
|
|a BD-DhAAL
|c BD-DhAAL
|
| 110 |
2 |
|
|a International Monetary Fund.
|b African Dept.
|
| 240 |
1 |
0 |
|a Democratic Republic of the Congo: Selected Issues.
|l French
|
| 245 |
1 |
0 |
|a Democratic Republic of the Congo :
|b Selected Issues.
|
| 264 |
|
1 |
|a Washington, D.C. :
|b International Monetary Fund,
|c 2022.
|
| 300 |
|
|
|a 1 online resource (31 pages)
|
| 490 |
1 |
|
|a IMF Staff Country Reports
|
| 500 |
|
|
|a <strong>Off-Campus Access:</strong> No User ID or Password Required
|
| 500 |
|
|
|a <strong>On-Campus Access:</strong> No User ID or Password Required
|
| 506 |
|
|
|a Electronic access restricted to authorized BRAC University faculty, staff and students
|
| 520 |
3 |
|
|a Selected Issues.
|
| 538 |
|
|
|a Mode of access: Internet
|
| 830 |
|
0 |
|a IMF Staff Country Reports; Country Report ;
|v No. 2022/211
|
| 856 |
4 |
0 |
|z Full text available on IMF
|u https://elibrary.imf.org/openurl?genre=journal&issn=2790-4458&volume=2022&issue=211
|z IMF e-Library
|